000 00893nam a2200277 a 4500
001 37684
003 BD-RjUL
005 20211209052633.0
008 150207s20041996ii b 001 0 eng
020 _a8190018116
035 _a(BD-RjUL)
040 _aDLC
_cDLC
_beng
_dBD-RjUL
041 _aeng
082 _221
_a615.10688
_bHER 2004
245 0 0 _aHerbal drugs industry :
_bpractical approach to industrial pharmacognosy /
_cchief editor, R.D. Chaudhri.
250 _a1st ed.
260 _aNew Delhi :
_bEastern Publishers,
_c1996 [reprint 1999, 2004].
300 _axii, 648 p. ;
_c24 cm.
504 _aIncludes bibliographical references and index.
650 0 _aPharmaceutical industry
_zIndia.
_9115905
650 0 _aHerb industry
_zIndia.
_9115906
700 1 _aChaudhuri, R. D.
_q(Ram Dev)
_9115907
942 _2ddc
_cBK
999 _c37684
_d37684